| 000 | 00550nam a2200205 a 4500 | ||
|---|---|---|---|
| 001 | 2236 | ||
| 003 | CO-ViMGA | ||
| 008 | 141112s2004 ck r 000 u spa d | ||
| 040 |
_aCO-ViMGA _bspa _cCO-ViMGA |
||
| 082 | 0 | 4 | _a725 M121 |
| 100 | 1 | _aMacaulay, David | |
| 245 | 1 | 0 | _aEl rascacielos |
| 260 |
_aBarcelona : _bTimunmas, _c1986 |
||
| 300 | _a80 p : il | ||
| 505 | _aCómo construir un rascacielos 7 | ||
| 650 | 1 | 4 |
_aEDIFICIOS - CONSTRUCCION _951020 |
| 650 | 1 | 4 |
_aEMPIRE STATE BUILDING _951021 |
| 650 | 1 | 4 |
_aRASCACIELOS _951022 |
| 942 |
_2ddc _cBK |
||
| 999 |
_c14341 _d14341 |
||